000 00384nam a2200133Ia 4500
008 231129s1972||||xx |||||||||||||| ||spa||
040 _bspa
082 _a920 V144c
100 _aValderrama Andrade Carlos
245 0 _aEl Centenario de El Tradicionalista : Datos para la biografia de Miguel Antonio Caro
260 _c1972
264 _aInstituto Caro y Cuervo
942 _2ddc
_cBKS
999 _c10550
_d10550